000 00351nam a2200157Ia 4500
003 OSt
005 20240221115703.0
008 170524s9999 xx 000 0 und d
020 _a 978-9352621064
040 _cIIMT UNIVERSITY
100 _aCherunilam
100 _c2013
245 0 _aINTERNATIONAL MARKETING
260 _aHIMALYA
942 _2ddc
_c01
999 _c2956
_d2956